Lecciones de Derecho Romano
Сохранить в:
| Главный автор: | |
|---|---|
| Формат: | |
| Язык: | испанский |
| Опубликовано: |
Santiago, Chile:
Digesto,
2017.
|
| Редактирование: | 1ª Edición. |
| Предметы: | |
| Online-ссылка: | Disponible Online |
| Метки: |
Добавить метку
Нет меток, Требуется 1-ая метка записи!
|
MARC
| LEADER | 00000cam a2200000 a 4500 | ||
|---|---|---|---|
| 001 | UCC4730 | ||
| 003 | CL-VaPUC | ||
| 005 | 20250326105419.0 | ||
| 008 | 180824e20170000cl |||||||||||||||||spa|d | ||
| 999 | |c 372148 |d 372146 | ||
| 020 | |a 9789568839963 | ||
| 040 | |c Pontificia Universidad Católica de Valparaíso | ||
| 082 | 0 | 4 | |a 340.54 CAT 2017 |2 21 |
| 100 | 1 | |a Cattan Atala, Ángela |e autora |9 598921 | |
| 245 | 1 | 0 | |a Lecciones de Derecho Romano |
| 250 | |a 1ª Edición. | ||
| 260 | |a Santiago, Chile: |b Digesto, |c 2017. | ||
| 300 | |a 201 páginas. | ||
| 583 | |a last modification |c 20180824 13:39:00 |k Rodrigo Vera | ||
| 650 | 0 | |a Derecho romano |x Historia y enseñanza |9 897296 | |
| 650 | 0 | |a Fuentes del derecho |z Roma |9 897297 | |
| 856 | |u http://bibliografiadigital.pucv.cl/index.php/bibliotecapucv/catalog/book/113 |y Disponible Online | ||
| 942 | |c BK |2 ddc | ||
| 945 | |d 20180824 13:39:00 |a dcastane | ||
| 952 | |0 0 |1 0 |3 erb |4 0 |6 340_540000000000000_CAT_2017 |7 0 |8 A |9 483646 |a BIBDER |b BIBDER |i 5469546 |l 11 |m 1 |o 340.54 CAT 2017 |p 5469546 |r 2025-05-08 |s 2025-05-02 |w 2019-11-24 |y BK |z Catalogado en:20180511 |k DER | ||
| 952 | |0 0 |1 0 |3 erb |4 0 |6 340_540000000000000_CAT_2017 |7 0 |8 A |9 483647 |a BIBDER |b BIBDER |i 5469554 |l 11 |o 340.54 CAT 2017 |p 5469554 |q 2025-05-09 |r 2025-05-02 |s 2025-05-02 |w 2019-11-24 |y BK |z Catalogado en:20180511 |k DER | ||
| 952 | |0 0 |1 0 |3 erb |4 0 |6 340_540000000000000_CAT_2017 |7 0 |8 A |9 489423 |a BIBDER |b BIBDER |i 5503310 |l 19 |m 7 |o 340.54 CAT 2017 |p 5503310 |r 2025-05-09 |s 2025-05-02 |w 2019-11-24 |y BK |z Catalogado en:20180927 |k DER | ||